000 00392nam a22001697a 4500
003 MPLRDC
005 20220104125615.0
008 210129b ||||| |||| 00| 0 eng d
082 _a859.6 SD
100 _a苏堤编写
245 _a管仲和鲍叔牙
_c
260 _a
_b小学生丛书出版社
_c
300 _b
490 _a小学生丛书
650 _a
942 _cBK
_o859.6 SD
999 _c28700
_d28690